[Event "USA-ch Women 2020"]
[Site "Saint Louis"]
[Date "2020.10.21"]
[Round "3.4"]
[White "Zatonskih, Anna"]
[Black "Wang, Annie"]
[Result "1/2-1/2"]
[WhiteElo "2420"]
[BlackElo "2384"]
[Annotator "TA"]
[PlyCount "135"]
[EventDate "2020.10.21"]
[EventType "tourn"]
[EventCountry "USA"]
[SourceTitle "playchess.com"]
[Source "ChessBase"]
[SourceQuality "1"]

{[%evp 22,134,43,11,46,33,72,68,58,63,57,42,38,52,50,29,22,18,35,8,21,20,22,0,0,-58,-54,-72,-21,-118,-116,-358,-352,-345,-346,-323,-314,-372,-362,-397,-391,-506,-462,-460,-304,-300,-289,-295,-278,-266,-245,-322,-302,-4914,-829,-29983,-1481,-1360,-928,-29987,-814,-782,-154,-154,0,0,0,0,0,0,0,0,0,0,0,0,0,0,0,0,0,0,0,0,0,0,0,0,0,0,0,0,0,0,0,0,0,0,0,0,0,0,0,0,0,0,0,0,0,0,0,0,0,0,0]} 1. d4 Nf6 2. Nf3 e6 3. c4 d5 4. Nc3 Bb4 5. Bg5 h6 6. Bxf6 Qxf6 7. Qb3 Bxc3+ 8. bxc3 c6 9. e3 O-O 10. Bd3 Nd7 11. O-O dxc4 12. Bxc4 e5 {D38: Queen's Gambit Declined: Ragozin Defence (4 Nf3 Bb4).} 13. a4 exd4 14. cxd4 Nb6 {[#] White is slightly better.} 15. Bd3 $146 ({Predecessor:} 15. Be2 Be6 16. Qb4 Bc8 17. Ne5 Nd5 18. Qc5 Re8 19. Bf3 Be6 20. Rab1 Qe7 21. Rfc1 Qxc5 22. Rxc5 {½-½ (45) Mohandesi,S (2305)-Tolk,P (2290) Antwerp 1998}) 15... Be6 16. Qc2 Nd5 17. a5 Nb4 18. Qd2 Nxd3 19. Qxd3 Rfe8 20. Rfc1 Rad8 21. Qc2 a6 22. Ne5 Rd5 23. Qc3 ({Better is} 23. Qa4 $11) 23... c5 $1 $15 24. Nf3 Bf5 (24... Bh3 $17 25. Qb3 Qg6) 25. Qe1 (25. Qb2 $11) 25... cxd4 $17 26. Qf1 $2 (26. Qd2 $17 {keeps fighting.}) 26... dxe3 $19 27. fxe3 Rxe3 28. Qf2 Rc3 29. Re1 Rc2 30. Qg3 {[#]} Be4 $1 {[%mdl 512]} 31. Rf1 (31. Rxe4 Qxa1+) 31... Bxf3 32. Qxf3 Qxf3 33. Rxf3 {[%mdl 4096] Endgame KRR-KRR} Rdd2 34. Rg3 Rb2 35. h3 f5 36. Rc1 g5 {And now ...f4 would win.} 37. Rc7 $2 (37. h4) 37... f4 (37... Rb1+ $142 38. Kh2 f4) 38. Rgc3 Rxg2+ (38... Rd1+ $142 39. Kh2 Rbb1 40. Rc8+ Kf7 41. R3c7+ Ke6 42. Re8+ Kd6 43. Rd8+ Kxc7 44. Rxd1 Rxd1 45. g4 Rd2+ 46. Kg1 b5 47. axb6+ Kxb6 48. h4 gxh4 49. g5 hxg5 50. Kh1 f3 51. Kg1 h3 52. Kh1 f2 53. Kh2 f1=Q+ 54. Kg3 Qg2#) 39. Kf1 Rgf2+ 40. Ke1 Rfe2+ (40... Rh2 $142 41. Rc8+ Kg7 42. Rc2 Rbxc2 43. Rxc2 Rxc2 44. Kd1 Ra2 45. Ke1 f3 46. Kf1 h5 47. Kg1 g4 48. hxg4 hxg4 49. Kf1 g3 50. Ke1 g2 51. Kd1 g1=Q#) 41. Kf1 Re8 $2 (41... Red2 $19 {[%cal Rd2d1] has better winning chances.} 42. Re7 Rd1+ 43. Re1 Rxe1+ 44. Kxe1 Kf7) 42. Rd7 $17 {intending Rcc7.} f3 $2 (42... Rb1+ $17 43. Kf2 Rbe1) 43. Rcc7 $1 $11 {The position is equal.} Rb1+ 44. Kf2 Rb2+ 45. Kf1 Rb1+ 46. Kf2 Re2+ 47. Kxf3 {Intending Rd8+ and mate.} Rbe1 48. Rg7+ Kf8 {aiming for ...Re7.} 49. Rcf7+ Ke8 {...Rf1+ is the strong threat.} 50. Rxb7 {[%cal Rg7g8]} Re7 51. Rgxe7+ Rxe7 {KR-KR} 52. Rb6 {[%mdl 64] [#] Double Attack} Rf7+ 53. Kg3 Rf5 54. Rxa6 h5 55. Ra7 Kd8 56. Rh7 Rxa5 57. Rxh5 Ke7 58. Kg4 Ra4+ 59. Kxg5 Ra5+ 60. Kg4 Rxh5 61. Kxh5 {KP-K} Kf7 62. Kh6 Kg8 63. h4 Kh8 64. h5 Kg8 65. Kg6 Kh8 66. h6 Kg8 67. h7+ Kh8 68. Kh6 {White happily takes the draw. Av CentiPawn Loss W=530/B=-82. Weighted=380/-59} 1/2-1/2

[Event "USA-ch Women 2020"]
[Site "Saint Louis"]
[Date "2020.10.21"]
[Round "3.5"]
[White "Yip, Carissa"]
[Black "Krush, Irina"]
[Result "1/2-1/2"]
[WhiteElo "2421"]
[BlackElo "2429"]
[Annotator "TA"]
[PlyCount "66"]
[EventDate "2020.10.21"]
[EventType "tourn"]
[EventCountry "USA"]
[SourceTitle "playchess.com"]
[Source "ChessBase"]
[SourceQuality "1"]

{[%evp 12,66,33,38,84,60,43,56,82,81,108,82,88,82,82,82,82,82,82,80,80,75,70,82,256,16,16,-57,64,-202,-206,-258,-241,-251,-143,-156,-88,-112,-27,-32,0,0,0,0,0,0,0,0,0,0,0,0,4,0,0,0,8]} 1. e4 c5 2. Nf3 d6 3. d4 cxd4 4. Nxd4 Nf6 5. Nc3 e6 6. g4 h6 7. Rg1 g5 {B81: Sicilian Scheveningen: Keres Attack.} 8. Be3 a6 9. h4 {[#]} Rg8 $146 {White is slightly better.} ({Predecessor:} 9... Nfd7 10. Qd2 Be7 11. Rh1 Rg8 12. hxg5 hxg5 13. Be2 Ne5 14. O-O-O b5 15. a3 Nbd7 {0-1 (72) Kultiyasov,M (2273)-Jakubowski,K (2531) Bialystok 2016}) 10. Qd2 {[%cal Rh4g5]} Nfd7 11. hxg5 hxg5 12. O-O-O $36 {[%mdl 2048] White has strong initiative.} b5 13. Nf3 {[%cal Rf3g5]} Be7 14. e5 dxe5 15. Ne4 {[%cal Rf3g5]} Bb7 16. Nfxg5 {Strongly threatening Bg2.} Bd5 17. Bg2 Nc6 $2 {[#]} (17... Nb6 $16 {was called for.}) 18. f4 $2 (18. Nd6+ $1 $18 {[%mdl 512]} Bxd6 19. Bxd5 exd5 20. Nxf7 $1 {[%mdl 512]} (20. Qxd5 Rxg5 21. Qxc6 Rc8 $18)) 18... Rc8 $1 $11 19. a3 (19. Nxf7 $11 Kxf7 20. Nd6+ $1 {[%mdl 512]} Bxd6 21. Bxd5) 19... b4 (19... Qc7 $1 $15 20. Kb1 Na5) 20. a4 $2 {[%mdl 8192]} (20. Nd6+ $1 $14 {is the one way to stay ahead.} Bxd6 21. Bxd5 bxa3 22. Bxe6 axb2+ 23. Kxb2 Ba3+ {[%mdl 64] Decoy} 24. Kxa3 Qe7+ 25. Qd6 (25. Bc5 Nxc5 26. Bxf7+ Kf8 $15) 25... fxe6 26. Ne4 (26. Nxe6 Qxd6+ 27. Rxd6 Ke7 $11)) 20... b3 $19 {And now ...bxc2 would win.} 21. Nc3 Bxg2 22. Qxg2 {[#]} exf4 ({Stronger than} 22... Bxg5 23. fxg5 Nb4 24. cxb3 $11) (22... Nb4 $1 $19 {[%cal Rb4a2]} 23. cxb3 Na2+ 24. Kc2 exf4 25. Nxf7 Qc7) 23. Nxf7 $17 Kxf7 24. Bxf4 bxc2 ({Black should play} 24... Nb4 $17 25. cxb3 Ke8) 25. Qxc2 $11 Nb4 {[%cal Bc6b4,Bb4a2,Ba2c3][%mdl 32]} 26. Qh7+ {The position is equal.} Rg7 27. Qh5+ Kg8 $1 ({Reject} 27... Kf8 $6 28. Be5 $16) 28. Rh1 Na2+ 29. Kc2 {Be5 is the strong threat.} Nxc3 30. Qh8+ Kf7 31. Qh5+ Kg8 32. Qh8+ Kf7 33. Qh5+ Kg8 {Av CentiPawn Loss W=-27/B=-26. Weighted=-46/-25} 1/2-1/2

[Event "USA-ch Women 2020"]
[Site "Saint Louis"]
[Date "2020.10.21"]
[Round "3.6"]
[White "Yu, Jennifer"]
[Black "Samadashvili, Martha"]
[Result "1-0"]
[WhiteElo "2315"]
[BlackElo "2215"]
[Annotator "TA"]
[PlyCount "119"]
[EventDate "2020.10.21"]
[EventType "tourn"]
[EventCountry "USA"]
[SourceTitle "playchess.com"]
[Source "ChessBase"]
[SourceQuality "1"]

{[%evp 9,119,18,43,32,35,31,49,48,44,44,38,37,41,40,40,13,64,40,34,34,44,45,54,56,49,40,69,31,63,12,56,47,47,44,71,24,34,17,22,-12,0,0,0,0,0,0,0,0,43,25,41,25,19,0,0,0,292,308,309,306,294,207,285,283,273,138,143,156,156,127,214,213,208,193,265,200,263,278,495,485,1096,1092,1094,1089,1012,1087,858,452,2106,2068,1713,1526,1337,1226,1311,1325,1252,1153,822,956,29978,29979,29979,29980,29980,29981,29981,29982,29982,29983,29983,29984]} 1. e4 c5 2. Nc3 Nc6 3. Nf3 e6 4. d4 cxd4 5. Nxd4 Qc7 6. Qd3 {B47: Sicilian: Taimanov: 5 Nc3 Qc7 6 f4, 6 g3 and 6 Be2.} a6 7. Nxc6 Qxc6 8. Be2 {White is slightly better.} b5 9. Bf3 {Strongly threatening e5.} Bb7 10. e5 Qc7 11. Bxb7 Qxb7 12. O-O {[#]} Ne7 $146 (12... f6 $11) ({Predecessor:} 12... f5 13. h4 Rc8 14. Bd2 Nh6 15. f3 Nf7 16. Bf4 Rc4 17. g3 Bc5+ 18. Kh1 Bd4 {0-1 (29) Nijboer,F (2566)-Admiraal,M (2414) Barcelona 2015}) 13. Ne4 {And now Nd6+ would win.} Ng6 14. f4 Be7 15. Be3 Qc6 16. Rad1 O-O 17. Rf2 Rac8 18. c3 Qc4 19. b3 (19. g3 $14) 19... Qc6 20. b4 Rfd8 21. Bc5 Bxc5 22. Nxc5 Ne7 23. g4 Qc7 24. Qg3 d6 25. Nxa6 Qb6 26. Rxd6 Rxd6 27. exd6 Qxd6 28. Nc5 Nd5 29. Qd3 Qc7 30. f5 Nf4 31. Qe3 $36 {[%mdl 2048] White has good play.} e5 32. Rd2 Rd8 $2 {[%mdl 8192] [#]} (32... h5 $11 {and Black stays safe.}) 33. Qxe5 $1 $18 {[%mdl 512]} Nh3+ (33... Qxe5 34. Rxd8+) 34. Kf1 Qc8 35. Rxd8+ Qxd8 36. Kg2 Ng5 37. Qe3 (37. h4 $18 Qa8+ 38. Kf2 Qxa2+ 39. Ke3 Qd2+ {[%mdl 64] Decoy} 40. Kxd2 Nf3+ 41. Ke3 Nxe5 42. g5) 37... h6 38. h4 Nh7 39. Kh3 Nf6 {[#]} (39... Qd1 $16) 40. g5 $1 {[%cal Rg5f6]} hxg5 41. hxg5 Nd5 (41... Nh7 $142 42. Ne4 Qc8) 42. Qd2 Qd6 {White must now prevent ...Nf4+.} 43. Qd4 f6 $2 (43... Qc6 {might work better.} 44. Qe4 g6 45. fxg6 fxg6) 44. gxf6 gxf6 (44... Qc6 $142 45. fxg7 Qh6+ 46. Kg4 Nf6+ 47. Kf3 Kh7) 45. Ne4 Nf4+ 46. Kg4 Qxd4 47. cxd4 {[%mdl 4096] Endgame KN-KN} Nd5 48. a3 Kg7 (48... Kf8 $142 49. Kf3 Ke7) 49. Nd6 Nc7 50. Kf4 Kf8 51. Ke4 Ke7 52. Nb7 Kd7 53. d5 Ne8 54. Kd4 Nd6 55. Nxd6 {White mates.} Kxd6 56. Ke4 Kc7 57. Kd3 Kd7 {[#]} 58. a4 $1 bxa4 59. b5 {[%cal Bb4b5,Bb5b6][%mdl 32]} Kd6 60. b6 {Av CentiPawn Loss W=-23/B=-46. Weighted=-26/-33} 1-0

[Event "USA-ch Women 2020"]
[Site "Saint Louis"]
[Date "2020.10.22"]
[Round "4.1"]
[White "Cervantes Landeiro, Thalia"]
[Black "Samadashvili, Martha"]
[Result "1-0"]
[WhiteElo "2311"]
[BlackElo "2215"]
[Annotator "TA"]
[PlyCount "115"]
[EventDate "2020.10.21"]
[EventType "tourn"]
[EventCountry "USA"]
[SourceTitle "playchess.com"]
[Source "ChessBase"]
[SourceQuality "1"]

{[%evp 9,115,13,25,8,22,29,29,6,25,10,27,22,37,37,45,41,47,48,86,33,39,26,72,48,39,28,33,37,34,10,62,53,52,55,54,54,54,56,64,57,60,61,62,35,39,44,50,54,61,63,56,60,63,63,70,51,68,68,83,68,68,58,90,90,90,90,91,91,91,61,126,93,251,214,226,226,362,355,538,538,806,497,497,497,910,629,29963,29967,29972,29973,29981,29982,29981,29967,29965,29967,29961,29965,29971,29969,29973,29971,29982,29983,29984,29984,29984,29985]} 1. d4 {Ftacnik,L} Nf6 2. c4 e6 3. Nf3 d5 4. Nc3 Bb4 5. cxd5 exd5 6. Bf4 {D38: Queen's Gambit Declined: Ragozin Defence (4 Nf3 Bb4).} c6 7. e3 O-O 8. Rc1 {White has an edge.} Re8 9. Bd3 {[#]} Bg4 $146 ({Predecessor:} 9... Nbd7 10. O-O Nf8 11. Ne5 Ng6 12. h3 Bd6 13. Nxg6 hxg6 14. Bg5 Be7 15. Qc2 Ne4 16. Bf4 Nxc3 17. bxc3 Bd6 18. Bxd6 Qxd6 19. c4 dxc4 20. Bxc4 Be6 {1-0 (40) Polgar,Z (2560)-Ioseliani,N (2460) Monte Carlo 1993 CBM 034 [Ftacnik,L]}) 10. Qb3 Qb6 11. Ne5 Be6 12. O-O {And now Na4 would win.} Bf8 13. Qc2 h6 14. h3 (14. Bg3 $16) 14... Nbd7 $14 15. Bh2 c5 16. Na4 Qa5 17. Nxd7 (17. Nxc5 {is more complex.} Nxc5 18. dxc5 Rac8 19. Qb3 Rxc5 20. Rxc5 Bxc5 21. Qxb7 d4 22. exd4 Bxd4 23. Nc6) 17... Nxd7 18. dxc5 Rac8 {[%cal Rd7c5]} 19. Qb3 {With the idea Qb5.} Bxc5 (19... Red8 $11) 20. Nxc5 Nxc5 21. Qb5 Qxb5 22. Bxb5 Red8 23. Be5 a6 24. Be2 f6 25. Bd4 Ne4 26. Bd3 Kf7 27. Rfd1 Rxc1 28. Rxc1 Rc8 29. Rxc8 Bxc8 {[%mdl 4096] Endgame KBB-KBN} 30. f3 Nd6 31. g4 Bd7 32. Kf2 Bb5 33. Bc2 Ke6 34. a4 Bc6 35. h4 Nc4 36. b3 Ne5 37. h5 Kd6 38. Kg3 Bd7 39. Kf4 Nf7 (39... Nc6 $14) 40. Bb2 $16 {Hoping for Ba3+.} Ng5 $2 {Black cannot hold the game after this.} (40... Kc6 $16) 41. Ba3+ $18 Kc7 {[#]} 42. Bf5 $1 Bxf5 (42... Ne6+ $142 43. Bxe6 Bxe6) 43. gxf5 {KB-KN} Kc6 (43... Nh7 {might work better.} 44. Kg3 Kd8) 44. Bf8 Kd7 45. Bxg7 {[%mdl 64] Double Attack} Ke7 46. Bxh6 Nf7 (46... Nh7 $142 47. Kg4 Kf7) 47. Bg7 Nd6 48. h6 {White mates.} Kf7 49. e4 d4 {[#]} 50. e5 $1 d3 51. e6+ Kg8 52. Ke3 d2 53. Kxd2 Nxf5 54. Bxf6 Nxh6 55. Kd3 Kf8 56. Ke4 Ke8 57. Ke5 Ng8 58. Bg5 {Av CentiPawn Loss W=-18/B=-49. Weighted=-14/-41} 1-0

[Event "USA-ch Women 2020"]
[Site "Saint Louis"]
[Date "2020.10.22"]
[Round "4.2"]
[White "Krush, Irina"]
[Black "Yu, Jennifer"]
[Result "1-0"]
[WhiteElo "2429"]
[BlackElo "2315"]
[Annotator "TA"]
[PlyCount "79"]
[EventDate "2020.10.21"]
[EventType "tourn"]
[EventCountry "USA"]
[SourceTitle "playchess.com"]
[Source "ChessBase"]
[SourceQuality "1"]

{[%evp 9,79,25,16,16,22,16,20,25,23,16,11,12,16,8,53,44,38,33,115,113,115,76,65,35,35,29,108,117,119,121,116,112,150,94,121,102,159,166,189,167,185,185,327,330,489,490,456,297,297,297,297,297,360,297,306,302,328,288,377,369,369,369,518,513,512,491,952,937,2540,2450,29978,29968]} 1. d4 d5 2. c4 e6 3. Nc3 a6 4. cxd5 exd5 5. Bf4 Nf6 6. e3 {D31: Queen's Gambit Declined: Semi-Slav without ...Nf6 (+ Marshall Gambit and Noteboom) and Exchange Variation lines without ...Nf6.} Bd6 7. Bxd6 Qxd6 8. Bd3 {The position is equal.} O-O 9. h3 b6 10. Nf3 c5 11. O-O {[#]} Nc6 $146 ({Predecessor:} 11... Bb7 12. b3 Nbd7 13. Rc1 Rfe8 14. Qe2 b5 15. dxc5 Nxc5 16. Nd4 Qb6 17. b4 Ne6 18. Nxe6 Rxe6 {½-½ (24) Bindrich,F (2598)-Nisipeanu,L (2672) Germany 2017}) 12. dxc5 bxc5 13. Rc1 Be6 (13... Rd8 $14) 14. Na4 $1 $16 Nd7 15. b3 h6 16. Qe2 Ne7 17. Rfd1 Ng6 (17... f5 $1 $11 {keeps the balance.}) 18. Qc2 {White leaves nothing to chance now.} Rac8 19. Bxg6 fxg6 20. Qxg6 Qe7 21. Qg3 (21. Nc3 $142) 21... Rf5 22. Qh4 Qf7 {[#]} (22... Nf6 $142) 23. Nd4 $1 $36 {[%cal Rd4f5][%mdl 2560] White has strong initiative.} Rg5 {[#]} (23... cxd4 24. Rxc8+) 24. f4 $1 {[%cal Rf4g5]} Rg6 25. Kh2 Rf8 (25... Rf6 $142 26. Qf2 Qe8) 26. Nxc5 $18 {[%mdl 64] Double Attack} Bf5 (26... Nxc5 {was necessary.} 27. Rxc5 Rf6) 27. Nxf5 Qxf5 28. Nxd7 Qxd7 29. Qh5 Rd6 30. Rd4 Re8 31. Qf3 Qf5 32. Rcd1 Red8 33. Qg4 Qf7 34. e4 Rg6 35. Qf3 Rc8 (35... Rf6 $142 36. g3 Rc6) 36. Rxd5 Rc2 37. R1d2 Qc7 (37... Rxd2 $142 38. Rxd2 Rf6) 38. e5 Kh7 39. Qe4 Rcc6 40. Rd6 {Av CentiPawn Loss W=-17/B=-100. Weighted=-18/-94} 1-0

[Event "USA-ch Women 2020"]
[Site "Saint Louis"]
[Date "2020.10.22"]
[Round "4.3"]
[White "Wang, Annie"]
[Black "Yip, Carissa"]
[Result "0-1"]
[WhiteElo "2384"]
[BlackElo "2421"]
[Annotator "TA"]
[PlyCount "112"]
[EventDate "2020.10.21"]
[EventType "tourn"]
[EventCountry "USA"]
[SourceTitle "playchess.com"]
[Source "ChessBase"]
[SourceQuality "1"]

{[%evp 13,111,56,56,56,56,56,65,62,65,65,65,65,65,65,79,65,65,65,70,38,35,36,46,46,46,34,41,14,34,23,34,27,39,10,36,27,33,27,41,40,49,27,45,27,35,0,25,0,20,0,8,0,0,0,0,0,7,14,17,12,27,-35,23,0,26,0,20,0,19,0,0,-35,-35,-107,-101,-111,-130,-135,-123,-342,-306,-265,-160,-192,-140,-410,-413,-365,-413,-398,-392,-398,-311,-577,-259,-29993,-1119,-29998,-29999,-29999]} 1. d4 Nf6 2. c4 g6 3. Nc3 Bg7 4. e4 O-O 5. Be2 d6 6. Be3 e5 7. d5 Na6 8. g4 {E73: King's Indian: Averbakh Variation without 6...c5.} Nc5 9. f3 $1 a5 {9...h5 gains popularity.} 10. h4 {White is slightly better.} h5 11. g5 $1 {[%cal Rg5f6]} Nfd7 12. Nh3 Nb6 13. Nf2 Bd7 14. Qd2 a4 15. O-O-O {[#]} Qb8 $146 ({Predecessor:} 15... Qe7 16. Nb5 Qd8 17. Kb1 Re8 18. Na3 Bf8 19. Rc1 c6 20. Rhd1 Qc7 21. Qb4 Bc8 {½-½ (30) Riazantsev,A (2639)-Smirin,I (2615) Moscow 2020}) 16. Bxc5 dxc5 17. Qe3 Ra5 18. Kb1 Nc8 19. Rc1 Nd6 20. Rhd1 Re8 21. Bf1 b6 22. a3 Bc8 23. Ka1 Ba6 24. Nb1 Qd8 25. Be2 Qe7 26. Rg1 Bc8 27. Nc3 Bd7 28. Qd2 Raa8 29. Ka2 Reb8 30. Qe3 Qe8 31. Rc2 Bf8 32. Rd1 Nb7 33. Nd3 Na5 34. Nc1 Bd6 35. Qd2 Qc8 36. Bd3 Be8 37. Qe3 (37. Kb1 $11) 37... Bd7 ({Better is} 37... c6 $15) 38. Qd2 Qd8 39. Qe3 Qe7 40. Be2 Kh7 41. Bf1 Rf8 42. Rg2 Bh3 43. Rg1 (43. Rf2 $1 $15 Bxf1 44. Rdxf1) 43... Bxf1 $17 44. Rgxf1 Nxc4 45. Qe2 Na5 46. Nxa4 $2 (46. f4 $17) 46... c4 47. Nc3 Qd7 48. f4 b5 (48... exf4 $19 49. Qd2 f6 50. Rxf4 Bxf4 51. Qxf4 Qg7) 49. f5 $2 {[%mdl 8192] This costs White the game.} (49. fxe5 $17 Bxe5 50. Kb1) 49... b4 $19 50. fxg6+ fxg6 51. Rxf8 Bxf8 52. Nb1 Qa4 53. Qf3 $2 (53. Rf1 {was the only chance.} bxa3 54. bxa3) 53... c3 (53... bxa3 $142 54. Nxa3 (54. Qf7+ $2 Kh8 $19) 54... c3 $1 {[%mdl 512]}) 54. bxc3 $2 (54. b3 $19 Qd7 55. Rf1) 54... Nc4 (54... Qc2+ $142 55. Ka1 b3 56. Qxh5+ gxh5 57. g6+ {[#]} Kg7 $1 {[%mdl 512]} 58. Rh1 b2+ {[%mdl 64] Double Attack} 59. Ka2 bxc1=B+ {[%mdl 64] Discovered Attack} 60. Ka1 Nb3#) 55. cxb4 Qc2+ 56. Ka1 Qb2# {Av CentiPawn Loss W=-66/B=-59. Weighted=-76/-64} 0-1

[Event "USA-ch Women 2020"]
[Site "Saint Louis"]
[Date "2020.10.22"]
[Round "4.4"]
[White "Derakhshani, Dorsa"]
[Black "Zatonskih, Anna"]
[Result "1-0"]
[WhiteElo "2270"]
[BlackElo "2420"]
[Annotator "TA"]
[PlyCount "55"]
[EventDate "2020.10.21"]
[EventType "tourn"]
[EventCountry "USA"]
[SourceTitle "playchess.com"]
[Source "ChessBase"]
[SourceQuality "1"]

{[%evp 21,55,125,130,111,111,111,125,120,137,143,136,111,137,131,333,333,1447,1320,1281,1261,1443,1404,1348,1378,2093,2010,1900,1408,1397,1252,29989,29990,29991,29992,29994,29995]} 1. e4 e6 2. d4 d5 3. Nc3 Bb4 4. e5 Qd7 5. a3 Bxc3+ 6. bxc3 b6 7. Qg4 f5 8. Qg3 Ba6 9. Bxa6 Nxa6 10. Ne2 O-O-O 11. a4 Nb8 12. a5 {C16: French: 3 Nc3 Bb4 4 e5: Lines without ...c5.} Nc6 13. axb6 cxb6 14. O-O {White is better.} Na5 15. Rxa5 bxa5 16. Ba3 {Threatens to win with Rb1.} Kb7 17. Nf4 Nh6 $2 {[#] This move loses the game for Black.} (17... Ka8 $16 {keeps fighting.}) 18. c4 $1 $18 {[%mdl 512]} dxc4 $2 (18... Ka8 19. cxd5 exd5) 19. Rb1+ Ka6 {[#]} 20. Nd3 $1 {[%cal Rd3c5][%mdl 512]} Rc8 (20... cxd3 21. Qxd3+) 21. Nc5+ Rxc5 22. Bxc5 {[#]} Rc8 $146 ({Predecessor:} 22... f4 23. Qc3 Qa4 24. Qb2 Qd7 25. Qa2 Qd5 26. Qa4 {1-0 (26) Khachiyan,M (2462)-Gliksman,D (2335) Santa Monica 2005}) 23. Qc3 Qa4 24. Qb2 {[%csl Gb1][%cal Rb2b7]} Rc7 25. Bd6 {White wants to mate with Qb8.} Rd7 {[#]} 26. d5 $1 {[%mdl 512] White mates.} exd5 27. e6 c3 28. Qb8 {Av CentiPawn Loss W=-63/B=-183. Weighted=-31/-207} 1-0

[Event "USA-ch Women 2020"]
[Site "Saint Louis"]
[Date "2020.10.22"]
[Round "4.5"]
[White "Abrahamyan, Tatev"]
[Black "Eswaran, Ashritha"]
[Result "0-1"]
[WhiteElo "2358"]
[BlackElo "2244"]
[Annotator "TA"]
[PlyCount "128"]
[EventDate "2020.10.21"]
[EventType "tourn"]
[EventCountry "USA"]
[SourceTitle "playchess.com"]
[Source "ChessBase"]
[SourceQuality "1"]

{[%evp 10,127,30,31,34,27,24,19,29,-3,25,18,16,0,2,-4,-6,-19,0,-53,4,8,6,0,0,0,18,25,42,42,46,35,43,35,93,97,89,83,108,87,111,108,114,73,92,48,41,23,47,47,93,94,129,113,115,-41,-56,-58,-42,-56,-47,-62,-44,-63,0,0,41,-58,121,-137,0,0,118,-58,0,0,0,0,0,-28,0,-58,-58,-39,-39,-37,-8,-8,0,-8,-8,-8,0,-9,0,0,0,0,0,0,14,13,9,12,15,0,0,0,0,-45,-45,-48,-57,-29980,-29981,-29997,-29998,-29998,-29999,-29999]} 1. e4 c6 2. Nc3 d5 3. Nf3 dxe4 4. Nxe4 Nf6 5. Qe2 Nxe4 6. Qxe4 Nd7 {B11: Caro-Kann: Two Knights Variation.} 7. Bc4 {Black must now prevent Ng5!} Nf6 8. Ne5 {[%csl Ge5][%cal Rc4f7]} e6 {The position is equal.} 9. Qh4 {[#]} Be7 $146 ({Predecessor:} 9... Bd6 10. d4 Bxe5 11. dxe5 Qa5+ 12. c3 Qxe5+ 13. Be3 Qh5 14. Qg3 O-O 15. Be2 Qg6 {0-1 (39) Vysochin,S (2501)-Arnaudov,P (2471) chess.com INT 2020}) 10. d4 c5 11. dxc5 Qa5+ 12. Bd2 $132 {[%mdl 2048] White has counterplay} Qxc5 13. Nd3 Qc6 14. Bb3 (14. Ne5 $11 Qc5 15. Nd3) 14... Qe4+ (14... Ne4 $15 15. Qg4 h5) 15. Qxe4 $11 Nxe4 16. Bf4 Bd7 17. O-O-O Bb5 18. Rhe1 Nf6 19. Ne5 O-O 20. a4 {[%cal Ba2a4,Ba4a5][%mdl 32]} Be8 21. g4 b5 (21... Rd8 $14) 22. a5 $1 $16 Rc8 23. g5 Nh5 24. Be3 Bb4 25. Bd2 $1 {[%cal Rd2b4]} ({Resist} 25. Bxa7 Bxe1 26. Rxe1 Nf4 $14) 25... Bc5 26. f3 Bc6 27. Nxc6 Rxc6 28. Bc3 Nf4 29. Rd7 Rfc8 30. Kb1 a6 31. Red1 Bf8 32. Rd8 $2 (32. h4 $16) 32... Nd5 $1 $15 33. Rxc8 Nxc3+ 34. bxc3 Rxc8 {[%mdl 4096] Endgame KRB-KRB} 35. Rd7 Bc5 36. c4 b4 ({Black should try} 36... Rb8 $15) 37. Ba4 $11 Be3 38. Rb7 (38. Ka2 $14) 38... Bxg5 $2 (38... g6 $1 $15) 39. c5 $2 {[%mdl 8192]} (39. Bd7 $1 $16 {[%cal Rd7c8]} Ra8 40. c5) 39... Bd8 ({Better is} 39... Bf4 $1 $17 40. Ra7 g6) 40. c6 Bxa5 {[#]} (40... Bc7 $11) 41. Ra7 $2 (41. c7 $1 $16 {[%mdl 512]} Bxc7 42. Bd7) 41... h6 (41... g5 $15) 42. Rxa6 Bc7 43. h3 $1 Kf8 44. Ra7 Bd6 45. Bb5 ({White should play} 45. Rd7 $11 Bg3 46. Kb2) 45... Rc7 $15 46. Ra8+ Ke7 47. Kb2 e5 48. Kb3 Ke6 49. Kc4 f5 50. Re8+ Be7 51. Ba4 Kf7 52. Ra8 Ke6 53. Kb5 Bd6 54. Bb3+ Ke7 55. Kb6 {Rg8 is the strong threat.} e4 56. fxe4 fxe4 57. Ra1 Rc8 58. Re1 Rb8+ 59. Ka7 Kd8 60. Rxe4 {And now Rd4 would win.} Kc7 61. Bd5 $2 {[%mdl 8192] This costs White the game.} (61. Ka6 $15) 61... Rb5 {[%cal Rb5a5] Black mates.} 62. Bc4 Ra5+ 63. Ba6 Bc5+ 64. Ka8 Rxa6# {Av CentiPawn Loss W=-37/B=-36. Weighted=-64/-29} 0-1